| 000 | 00518nam a22001817a 4500 | ||
|---|---|---|---|
| 005 | 20251204163351.0 | ||
| 008 | 251203b |||||||| |||| 00| 0 eng d | ||
| 020 | _a978-93-5152-423-6 | ||
| 041 | _aeng | ||
| 082 | _a616.075- NAY-E | ||
| 100 |
_aNAYAK, RAMADAS AND RAI, SHARMA _98836 |
||
| 245 | _aESSENTIALS IN HEMATOLOGY AND CLINICAL PATHOLOGY | ||
| 250 | _a2ND ED. 2017 | ||
| 260 |
_aNEW DELHI _bJAYPEE BROTHERS DISTRIBUTERS PVT LTD |
||
| 300 | _a591;P | ||
| 650 |
_aPARAMEDICAL _xBMIRT _98845 |
||
| 942 | _cBK | ||
| 999 |
_c9017 _d9015 |
||